|
|
|
|
| LEADER |
02329nam a2200313 a 4500 |
| 001 |
GR-Antirio992 |
| 008 |
140602s2007 nyu g 000 0 eng d |
| 020 |
|
|
|a 9780072256680
|q (alk.paper)
|
| 040 |
|
|
|a GrPaTEI
|b gre
|c GR-PaULI
|
| 040 |
|
|
|a GrPaTEI
|b gre
|c GR-PaULI
|
| 082 |
|
0 |
|a 004.68
|2 22
|
| 100 |
1 |
|
|a Price, Ron,
|d 1947-
|
| 245 |
1 |
0 |
|a Fundamentals of wireless networking /
|c Ron Price.
|
| 260 |
|
|
|a New York :
|b McGraw Hill/Irwin,
|c 2007
|
| 300 |
|
|
|a xxvii, 641 σ. :
|b εικ.
|
| 500 |
|
|
|a Περιλαμβάνει ευρετήριο.
|
| 650 |
1 |
0 |
|a Wireless communication systems
|
| 650 |
1 |
0 |
|a Wireless LANs
|
| 710 |
0 |
|
|a McGraw Hill/Irwin
|
| 942 |
|
|
|2 ddc
|
| 952 |
|
|
|0 0
|1 0
|2 ddc
|4 0
|6 004_680000000000000_PRI
|7 0
|9 262613
|a LISK-2
|b LISK-2
|c BSC
|d 2021-01-17
|e 24
|f 0
|g 0.00
|l 0
|o 004.68 PRI
|p 2430000007404
|r 2021-01-17 00:00:00
|t 1
|w 2021-01-17
|y BK15
|x 20140602 0 ΧΑΣΑΝΗ 1
|x GrPaTEI - Antirrio
|
| 952 |
|
|
|0 0
|1 0
|2 ddc
|4 0
|6 004_680000000000000_PRI
|7 0
|9 262614
|a LISK-2
|b LISK-2
|c BSC
|d 2021-01-17
|e 24
|f 0
|g 0.00
|l 0
|o 004.68 PRI
|p 2430000007633
|r 2021-01-17 00:00:00
|t 1
|w 2021-01-17
|y BK15
|x 20140602 0 ΧΑΣΑΝΗ 1
|x GrPaTEI - Antirrio
|
| 952 |
|
|
|0 0
|1 0
|2 ddc
|4 0
|6 004_680000000000000_PRI
|7 0
|9 262615
|a LISK-2
|b LISK-2
|c BSC
|d 2021-01-17
|e 24
|f 0
|g 0.00
|l 0
|o 004.68 PRI
|p 2430000007671
|r 2021-01-17 00:00:00
|t 1
|w 2021-01-17
|y BK15
|x 20140602 0 ΧΑΣΑΝΗ 1
|x GrPaTEI - Antirrio
|
| 952 |
|
|
|0 0
|1 0
|2 ddc
|4 0
|6 004_680000000000000_PRI
|7 0
|9 262616
|a LISK-2
|b LISK-2
|c BSC
|d 2021-01-17
|e 24
|f 0
|g 0.00
|l 0
|o 004.68 PRI
|p 2430000007672
|r 2021-01-17 00:00:00
|t 1
|w 2021-01-17
|y BK15
|x 20140602 0 ΧΑΣΑΝΗ 1
|x GrPaTEI - Antirrio
|
| 952 |
|
|
|0 0
|1 0
|2 ddc
|4 0
|6 004_680000000000000_PRI
|7 0
|9 262617
|a LISK-2
|b LISK-2
|c BSC
|d 2021-01-17
|e 24
|f 0
|g 0.00
|l 0
|o 004.68 PRI
|p 2430000007673
|r 2021-01-17 00:00:00
|t 1
|w 2021-01-17
|y BK15
|x 20140602 0 ΧΑΣΑΝΗ 1
|x GrPaTEI - Antirrio
|
| 952 |
|
|
|0 0
|1 0
|2 ddc
|4 0
|6 004_680000000000000_PRI
|7 0
|9 262618
|a LISK-2
|b LISK-2
|c BSC
|d 2021-01-17
|e 24
|f 0
|g 0.00
|l 0
|o 004.68 PRI
|p 2430000007674
|r 2021-01-17 00:00:00
|t 1
|w 2021-01-17
|y BK15
|x 20140602 0 ΧΑΣΑΝΗ 1
|x GrPaTEI - Antirrio
|
| 952 |
|
|
|0 0
|1 0
|2 ddc
|4 0
|6 004_680000000000000_PRI
|7 0
|9 262619
|a LISK-2
|b LISK-2
|c BSC
|d 2021-01-17
|e 24
|f 0
|g 0.00
|l 0
|o 004.68 PRI
|p 2430000007675
|r 2021-01-17 00:00:00
|t 1
|w 2021-01-17
|y BK15
|x 20140602 0 ΧΑΣΑΝΗ 1
|x GrPaTEI - Antirrio
|
| 971 |
|
|
|a .b25707917
|b 15-04-20
|c 12-09-16
|
| 999 |
|
|
|c 151350
|d 151350
|